| 000 | 00584nam a2200121Ia 4500 | ||
|---|---|---|---|
| 008 | 171212s9999 xx 000 0 und d | ||
| 020 | _a9780833087348 | ||
| 100 | _aArena, Mark V.;Blickstein, Irv;Gonzales, Daniel;Harting, Sarah;Lewis, Jennifer Lamping | ||
| 245 |
_cArena, Mark V.;Blickstein, Irv;Gonzales, Daniel;Harting, Sarah;Lewis, Jennifer Lamping _aDoD and Commercial Advanced Waveform Developments and Programs with Multiple Nunn-McCurdy Breaches, Volume 5 |
||
| 260 |
_bRAND Corporation _c2014 |
||
| 650 | _aHistory | ||
| 856 | _uhttp://www.jstor.org/stable/10.7249/j.ctt14bs3w4 | ||
| 999 |
_c351966 _d351966 |
||